| 000 | 00652cam a2200241 i 4500 | ||
|---|---|---|---|
| 001 | 1792221 | ||
| 003 | OSt | ||
| 005 | 20240619124438.0 | ||
| 008 | 780525s1979 nyuaf 001 0 eng | ||
| 010 | _a 78017919 | ||
| 020 | _a0070586349 | ||
| 040 |
_aDDC _cMUST |
||
| 082 | 0 | 0 |
_a530 SMI 1979 _222 |
| 100 | 1 |
_aSmith, Alpheus W. _917520 |
|
| 245 | 1 | 0 |
_aElements of physics / _cAlpheus W. Smith, John N. Cooper. |
| 250 | _a9th ed. | ||
| 260 |
_aNew York : _bMcGraw-Hill, _cc1979. |
||
| 300 |
_aviii, 674 p.: _bill. ; _c24 cm. |
||
| 504 | _aIncludes indexes | ||
| 650 | 0 |
_aPhysics. _9809 |
|
| 700 | 1 |
_aCooper, John N., _917521 |
|
| 942 |
_2ddc _cO_SHELF |
||
| 999 |
_c8663 _d8663 |
||